000 00974nmm a2200217 a 4500
005 20240612064156.0
008 020523s2000 mx b spa d
020 _a9685078319
035 _aUPN01000117398
049 _aCD
050 4 _aG1028
_bA7.4
245 0 0 _aAtlas interactivo del mundo.
260 _aMéxico :
_bAltus :
_bFase Software,
_c2000.
300 _a1 disco óptico de computador,
_bcol., son. ;
_c4 3/4 plg.
500 _a"Solicitarlo en Sala Infantil"
500 _a"Edad recomendada 12 años en adelante. Diversas actividades para mejorar el aprendizaje. Aprenderás a localizar la ubicación de cada país. Geografía política, social y económica. Indices de búsqueda y estadísticas. Acceso a las páginas de internet del país seleccionado. Imprime información y los mapas que desees"
650 4 _aAtlas
_98563
650 4 _aGeografía
_xEstudio y enseñanza
_910181
650 4 _aHistoria
_xEstudio y enseñanza
_96447
905 _aElectrónico
999 _c89925
_d89925